| 000 | 00372 a2200145 4500 | ||
|---|---|---|---|
| 005 | 20250629125909.0 | ||
| 020 | _a0-273-70881-3 | ||
| 082 | _a330 SLO | ||
| 100 | _aSLOMAN,J. | ||
| 245 | _aEssentials of Economics | ||
| 250 | _a4th Ed. | ||
| 260 |
_aLondon _bPrentice Hall _c2007 |
||
| 300 |
_axxiii,473p.;ill,figure,picture,tables _bGlossary,Index _c26cm. |
||
| 942 |
_2ddc _cBKS |
||
| 999 |
_c6346 _d6346 |
||